Cuadernos bíblicos
Збережено в:
| Формат: | Книга |
|---|---|
| Мова: | Іспанська |
| Опубліковано: |
Pamplona
Verbo Divino
1988
|
| Предмети: | |
| Теги: |
Додати тег
Немає тегів, Будьте першим, хто поставить тег для цього запису!
|
MARC
| LEADER | 00000nam a2200000 a 4500 | ||
|---|---|---|---|
| 001 | UCW8410 | ||
| 003 | CL-VaPUC | ||
| 008 | 880826e19880000SP |||||||||||||||||spa|d | ||
| 082 | 0 | 4 | |a 220.7 |b CUA |2 21 |
| 245 | 1 | 0 | |a Cuadernos bíblicos |
| 300 | |a v | ||
| 942 | |c BK | ||
| 945 | |d 19880826 00:00:00 |a aalvarez | ||
| 260 | |a Pamplona |b Verbo Divino |c 1988 | ||
| 650 | 0 | |a Biblia |9 257603 | |
| 650 | 7 | |a COMENTARIOS |2 CL-VaPUC |9 313567 | |
| 650 | 0 | |a Interpretación de la Biblia |9 311877 | |
| 583 | |a last modification |c 20170628 10:49:25 |k Rodrigo Vera | ||
| 999 | |c 220788 |d 220786 | ||
| 952 | |0 0 |1 0 |4 0 |6 220_700000000000000_CUA_1988 |7 0 |8 A |9 213428 |a BIBTEO |b BIBTEO |d 2019-11-15 |h v.28 |i 2817985 |o 220.7 CUA 1988 |p 2817985 |r 2025-01-17 |w 2019-11-15 |y BK |k ICR | ||
| 952 | |0 0 |1 0 |4 0 |6 220_700000000000000_CUA_1988 |7 0 |8 A |9 213429 |a BIBTEO |b BIBTEO |d 2019-11-15 |h v.42 |i 2817993 |o 220.7 CUA 1988 |p 2817993 |r 2025-01-17 |w 2019-11-15 |y BK |k ICR | ||
| 952 | |0 0 |1 0 |4 0 |6 220_700000000000000_CUA_1988 |7 0 |8 A |9 213430 |a BIBTEO |b BIBTEO |d 2019-11-15 |h v.46 |i 2818000 |o 220.7 CUA 1988 |p 2818000 |r 2025-01-17 |w 2019-11-15 |y BK |k ICR | ||
| 952 | |0 0 |1 0 |4 0 |6 220_700000000000000_CUA_1988 |7 0 |8 A |9 213431 |a BIBTEO |b BIBTEO |d 2019-11-15 |h v.55 |i 2818019 |o 220.7 CUA 1988 |p 2818019 |r 2025-01-17 |w 2019-11-15 |y BK |k ICR | ||
| 952 | |0 0 |1 0 |4 0 |6 220_700000000000000_CUA_1988 |7 0 |8 A |9 213432 |a BIBTEO |b BIBTEO |d 2019-11-15 |h v.59 |i 2818027 |l 1 |o 220.7 CUA 1988 |p 2818027 |r 2025-01-17 |s 2024-05-17 |w 2019-11-15 |y BK |k ICR | ||
| 952 | |0 0 |1 0 |4 0 |6 220_700000000000000_CUA_1988 |7 0 |8 A |9 213433 |a BIBTEO |b BIBTEO |d 2019-11-15 |h v.60 |i 2818035 |o 220.7 CUA 1988 |p 2818035 |r 2025-01-17 |w 2019-11-15 |y BK |k ICR | ||